000 00398nam a2200121 a 4500
008 120416s1980 xx |||||||||||||| || u
050 _aPR 6053.A489S4
100 _aCarter, Peter
245 1 4 _aThe Sentinels
260 _a
_bUniv. Press
_c1980
350 _a0.00
995 _D0.00
_FCBU-MAIN LIBRARY (Kitwe)
_H1
_I0.00
_M1
_UAVAILABLE
_ZFiction Collection
999 _c57311
_d57311